000
00328cam a2200133ua 4500
003
OSt
008
230404b |||||||| |||| 00| 0 eng d
041
_a
eng
082
_a
425
_b
LIT/LI
245
_a
Lifco`s good English:How to master it
260
_a
Thevara :
_b
Little flower press ,
_c
1961.
300
_a
107 ; .
942
_c
BK
999
_c
12834
_d
12834